00554nam a2200169Ia 4500008004100000041000800041082001800049100001400067245003500081260004100116300000900157500003100166650002400197700001400221999001700235952013200252230125s9999 xx 000 0 und d aeng a658.4033bJHA aJhamb L C aQuantitative Techniques vol. I c1988bEverest Publishing houseaPune a590p aQT;Quantitative Techniques aMathematics9106897 aJhamb L C c92476d92476 01104070aHIMRbHIMRd2006-02-08eSatya Gilanio658.4033 JHA DB0981pHIMR-DB-981r2023-01-25 00:00:00w2006-02-08yDBzDB0981